[Event "FIDE World Youth U16 Chess Olympiad SLOVAKIA 2016"]
[Site "Poprad Tatry SLOVAKIA"]
[Date "2016.07.25"]
[Round "5"]
[Board "4"]
[White "Ieong, Pui Kuan"]
[Black "Wartiovaara, Oliver"]
[Result "1/2-1/2"]
[WhiteElo "1220"]
[BlackElo "1513"]
[PlyCount "0"]
[EventDate "2016.07.22"]
[EventType "team"]
[EventRounds "9"]
[EventCountry "SVK"]
[WhiteTeam "Macau"]
[BlackTeam "Finland"]

1. e4 {[%clk 1:30:58]} c5 {[%clk 1:30:52]} 2. Nf3 {[%clk 1:31:23]} d6
{[%clk 1:31:16]} 3. d4 {[%clk 1:31:49]} cxd4 {[%clk 1:31:42]} 4. Nxd4
{[%clk 1:32:16]} Nf6 {[%clk 1:32:05]} 5. Nc3 {[%clk 1:32:40]} g6 {[%clk 1:32:31]}
6. Be3 {[%clk 1:32:53]} Bg7 {[%clk 1:32:56]} 7. Qd2 {[%clk 1:33:18]} Ng4
{[%clk 1:33:16]} 8. O-O-O {[%clk 1:31:59]} Nxe3 {[%clk 1:33:33]} 9. Qxe3
{[%clk 1:32:11]} O-O {[%clk 1:32:54]} 10. f3 {[%clk 1:32:29]} Nc6
{[%clk 1:32:53]} 11. Nxc6 {[%clk 1:29:34]} bxc6 {[%clk 1:33:12]} 12. Bc4
{[%clk 1:20:29]} a5 {[%clk 1:29:34]} 13. g4 {[%clk 1:11:22]} a4 {[%clk 1:26:41]}
14. a3 {[%clk 1:08:43]} Qa5 {[%clk 1:26:37]} 15. h4 {[%clk 0:56:18]} h5
{[%clk 1:25:09]} 16. g5 {[%clk 0:53:22]} Be6 {[%clk 1:25:17]} 17. Bxe6
{[%clk 0:40:38]} fxe6 {[%clk 1:25:33]} 18. Ne2 {[%clk 0:38:06]} Rab8
{[%clk 1:22:15]} 19. c3 {[%clk 0:36:11]} Rb3 {[%clk 1:21:39]} 20. Rd2
{[%clk 0:31:33]} Qb6 {[%clk 1:13:21]} 21. Qxb6 {[%clk 0:30:29]} Rxb6
{[%clk 1:13:42]} 22. Rf1 {[%clk 0:29:23]} d5 {[%clk 1:06:38]} 23. Rdd1
{[%clk 0:19:53]} Rfb8 {[%clk 1:04:11]} 24. Rd2 {[%clk 0:18:47]} Be5
{[%clk 1:03:58]} 25. Rf2 {[%clk 0:14:15]} Bd6 {[%clk 1:03:23]} 26. Nd4
{[%clk 0:13:50]} Bf4 {[%clk 1:00:47]} 27. Nxe6 {[%clk 0:12:53]} Bxd2+
{[%clk 1:00:33]} 28. Rxd2 {[%clk 0:13:15]} dxe4 {[%clk 0:59:05]} 29. fxe4
{[%clk 0:13:16]} Kf7 {[%clk 0:51:37]} 30. Nc5 {[%clk 0:11:03]} Ra8
{[%clk 0:51:48]} 31. Rd4 {[%clk 0:09:09]} Rb5 {[%clk 0:47:06]} 32. Nxa4
{[%clk 0:08:02]} Rba5 {[%clk 0:46:55]} 33. Nb6 {[%clk 0:07:57]} R8a6
{[%clk 0:43:36]} 34. Nc4 {[%clk 0:07:10]} Rb5 {[%clk 0:32:39]} 35. b4
{[%clk 0:06:50]} Ra8 {[%clk 0:21:55]} 36. Kb2 {[%clk 0:06:36]} Ke6
{[%clk 0:22:06]} 37. Kc2 {[%clk 0:04:50]} Rf8 {[%clk 0:20:39]} 38. a4
{[%clk 0:04:13]} Rb7 {[%clk 0:20:16]} 39. a5 {[%clk 0:03:46]} c5 {[%clk 0:09:51]}
40. a6 {[%clk 0:03:29]} cxd4 {[%clk 0:09:53]} 41. axb7 {[%clk 0:03:49]} dxc3
{[%clk 0:10:03]} 42. Kxc3 {[%clk 0:04:09]} Rb8 {[%clk 0:09:02]} 43. Na5
{[%clk 0:04:29]} Kd6 {[%clk 0:07:58]} 44. Kd4 {[%clk 0:04:47]} Kc7
{[%clk 0:06:31]} 45. Kc5 {[%clk 0:05:03]} e6 {[%clk 0:06:05]} 46. e5
{[%clk 0:05:22]} Rd8 {[%clk 0:06:18]} 47. Kc4 {[%clk 0:04:43]} Kb6
{[%clk 0:06:05]} 48. Kc3 {[%clk 0:04:28]} Rb8 {[%clk 0:05:35]} 49. Kb3
{[%clk 0:04:06]} Kb5 {[%clk 0:05:28]} 50. Kc3 {[%clk 0:04:19]} Rd8
{[%clk 0:05:43]} 51. Nc4 {[%clk 0:04:22]} Kc6 {[%clk 0:05:20]} 52. Nd6
{[%clk 0:04:49]} Kb6 {[%clk 0:05:19]} 53. Kc4 {[%clk 0:04:22]} Rb8
{[%clk 0:05:21]} 54. b5 {[%clk 0:04:12]} Rf8 {[%clk 0:05:19]} 55. Kd4
{[%clk 0:03:50]} Rd8 {[%clk 0:04:32]} 56. Kc4 {[%clk 0:04:11]} Rf8
{[%clk 0:04:56]} 57. Kb4 {[%clk 0:04:18]} Rb8 {[%clk 0:05:08]} 58. Nc8+
{[%clk 0:03:35]} Kxb7 {[%clk 0:05:23]} 59. Ne7 {[%clk 0:03:58]} Rd8
{[%clk 0:05:17]} 60. Nxg6 {[%clk 0:04:17]} Rd4+ {[%clk 0:05:21]} 61. Kc5
{[%clk 0:04:43]} Rd5+ {[%clk 0:05:37]} 62. Kc4 {[%clk 0:05:04]} Kb6
{[%clk 0:05:40]} 63. Kb4 {[%clk 0:02:49]} Rxb5+ {[%clk 0:05:53]} 64. Kc4
{[%clk 0:02:46]} Ra5 {[%clk 0:05:54]} 65. Kd4 {[%clk 0:02:47]} Ra4+
{[%clk 0:05:40]} 66. Ke3 {[%clk 0:03:10]} Ra3+ 1/2-1/2

[Event "FIDE World Youth U16 Chess Olympiad SLOVAKIA 2016"]
[Site "Poprad Tatry SLOVAKIA"]
[Date "2016.07.25"]
[Round "5"]
[Board "1"]
[White "Wolmarans, Riekie"]
[Black "Stefansson, Vignir Vatnar"]
[Result "0-1"]
[WhiteElo "1429"]
[BlackElo "2171"]
[PlyCount "0"]
[EventDate "2016.07.22"]
[EventType "team"]
[EventRounds "9"]
[EventCountry "SVK"]
[WhiteTeam "South Africa 3"]
[BlackTeam "Iceland"]

1. d4 {[%clk 1:30:48]} Nf6 {[%clk 1:30:46]} 2. Bf4 {[%clk 1:30:55]} e6
{[%clk 1:30:54]} 3. Nf3 {[%clk 1:30:58]} b6 {[%clk 1:31:01]} 4. e3
{[%clk 1:30:03]} Bb7 {[%clk 1:31:18]} 5. Bd3 {[%clk 1:29:25]} Be7
{[%clk 1:29:14]} 6. Nbd2 {[%clk 1:28:23]} O-O {[%clk 1:29:12]} 7. c3
{[%clk 1:27:36]} d6 {[%clk 1:28:45]} 8. Qc2 {[%clk 1:24:37]} Nbd7
{[%clk 1:29:02]} 9. O-O {[%clk 1:22:59]} c5 {[%clk 1:27:37]} 10. Rac1
{[%clk 1:08:40]} Rc8 {[%clk 1:27:58]} 11. b3 {[%clk 1:08:28]} cxd4
{[%clk 1:21:22]} 12. exd4 {[%clk 1:07:25]} Nd5 {[%clk 1:20:10]} 13. Bg3
{[%clk 1:00:28]} Rxc3 {[%clk 1:19:37]} 14. Qb1 {[%clk 0:59:49]} h6
{[%clk 1:19:08]} 15. Rxc3 {[%clk 0:56:00]} Nxc3 {[%clk 1:19:02]} 16. Qb2
{[%clk 0:54:48]} Nd5 {[%clk 1:19:18]} 17. Nc4 {[%clk 0:51:53]} N7f6
{[%clk 1:18:37]} 18. Qa3 {[%clk 0:48:57]} b5 {[%clk 1:05:40]} 19. Bxd6
{[%clk 0:36:23]} bxc4 {[%clk 1:05:55]} 20. Bxe7 {[%clk 0:36:27]} Qxe7
{[%clk 1:06:16]} 21. Qxe7 {[%clk 0:36:06]} Nxe7 {[%clk 1:06:43]} 22. Bxc4
{[%clk 0:35:57]} Rd8 {[%clk 1:07:00]} 23. Rd1 {[%clk 0:34:01]} Nf5
{[%clk 1:07:03]} 24. Be2 {[%clk 0:29:19]} Nd5 {[%clk 1:07:03]} 25. Rd2
{[%clk 0:26:22]} Nc3 {[%clk 1:05:20]} 26. Kf1 {[%clk 0:21:23]} Nxe2
{[%clk 1:05:27]} 27. Kxe2 {[%clk 0:21:14]} Bxf3+ {[%clk 1:05:43]} 28. Kxf3
{[%clk 0:20:36]} Rxd4 {[%clk 1:06:04]} 29. Rxd4 {[%clk 0:18:54]} Nxd4+
{[%clk 1:06:26]} 30. Ke4 {[%clk 0:18:39]} Nb5 {[%clk 1:06:07]} 31. Kd3
{[%clk 0:18:45]} Kf8 {[%clk 1:06:26]} 32. a4 {[%clk 0:18:51]} Nc7
{[%clk 1:06:55]} 33. Kc4 {[%clk 0:19:03]} Ke7 {[%clk 1:07:13]} 34. Kc5
{[%clk 0:18:58]} Kd7 {[%clk 1:07:33]} 35. b4 {[%clk 0:18:38]} Nd5
{[%clk 1:07:26]} 36. f3 {[%clk 0:17:01]} Kc7 {[%clk 1:07:38]} 37. a5
{[%clk 0:15:59]} a6 {[%clk 1:07:58]} 38. b5 {[%clk 0:15:31]} axb5
{[%clk 1:08:26]} 39. Kxb5 {[%clk 0:15:52]} Kb7 {[%clk 1:08:50]} 40. g3
{[%clk 0:14:18]} g5 {[%clk 1:09:07]} 41. Kc5 {[%clk 0:13:48]} Kc7
{[%clk 1:09:27]} 42. Kd4 {[%clk 0:13:41]} Kd6 {[%clk 1:09:49]} 43. h3
{[%clk 0:13:29]} f5 {[%clk 1:10:12]} 44. g4 {[%clk 0:11:27]} e5+ {[%clk 1:09:38]}
45. Kc4 {[%clk 0:10:21]} f4 {[%clk 1:10:02]} 46. Kd3 {[%clk 0:09:34]} Kc5
{[%clk 1:10:21]} 47. Ke4 {[%clk 0:09:18]} Kd6 {[%clk 1:10:43]} 48. Kd3
{[%clk 0:07:55]} Nf6 {[%clk 1:11:08]} 49. Ke2 {[%clk 0:07:15]} e4
{[%clk 1:11:30]} 50. fxe4 {[%clk 0:06:24]} Nxe4 {[%clk 1:11:57]} 51. Kf3
{[%clk 0:06:25]} Nf6 {[%clk 1:12:26]} 52. Kf2 {[%clk 0:05:28]} Kc5
{[%clk 1:12:55]} 53. Kf3 {[%clk 0:05:37]} Kb5 {[%clk 1:13:24]} 54. a6
{[%clk 0:04:01]} Kxa6 {[%clk 1:13:53]} 55. Kf2 {[%clk 0:04:03]} Kb5
{[%clk 1:14:22]} 56. Kf3 {[%clk 0:04:17]} Kc4 {[%clk 1:14:48]} 57. h4
{[%clk 0:04:19]} Kd4 {[%clk 1:15:12]} 58. hxg5 {[%clk 0:04:27]} hxg5
{[%clk 1:15:41]} 59. Kf2 {[%clk 0:04:27]} Nxg4+ {[%clk 1:16:08]} 60. Kf3
{[%clk 0:04:50]} Ne5+ {[%clk 1:16:32]} 61. Kf2 {[%clk 0:04:59]} g4
{[%clk 1:16:30]} 62. Kg2 {[%clk 0:05:17]} Ke4 {[%clk 1:16:41]} 63. Kf2
{[%clk 0:05:33]} g3+ {[%clk 1:17:06]} 64. Kg1 {[%clk 0:05:54]} f3
{[%clk 1:17:30]} 65. Kf1 {[%clk 0:06:17]} Ke3 {[%clk 1:17:55]} 66. Kg1
{[%clk 0:06:37]} Ke2 {[%clk 1:18:10]} 67. Kh1 {[%clk 0:06:55]} f2
{[%clk 1:18:31]} 68. Kg2 {[%clk 0:07:21]} f1=Q+ {[%clk 1:18:52]} 0-1

[Event "FIDE World Youth U16 Chess Olympiad SLOVAKIA 2016"]
[Site "Poprad Tatry SLOVAKIA"]
[Date "2016.07.25"]
[Round "5"]
[Board "2"]
[White "Birkisson, Bardur Orn"]
[Black "Kara, Zahra"]
[Result "1-0"]
[WhiteElo "2048"]
[BlackElo "1335"]
[PlyCount "0"]
[EventDate "2016.07.22"]
[EventType "team"]
[EventRounds "9"]
[EventCountry "SVK"]
[WhiteTeam "Iceland"]
[BlackTeam "South Africa 3"]

1. Nf3 {[%clk 1:30:57]} Nf6 {[%clk 1:30:51]} 2. c4 {[%clk 1:31:15]} e6
{[%clk 1:29:04]} 3. g3 {[%clk 1:31:25]} d5 {[%clk 1:25:15]} 4. b3
{[%clk 1:30:27]} c5 {[%clk 1:22:15]} 5. Bg2 {[%clk 1:29:46]} Nc6 {[%clk 1:22:10]}
6. e3 {[%clk 1:29:00]} e5 {[%clk 1:17:14]} 7. O-O {[%clk 1:17:40]} d4
{[%clk 1:08:50]} 8. exd4 {[%clk 1:17:28]} exd4 {[%clk 1:08:18]} 9. d3
{[%clk 1:17:13]} Be7 {[%clk 1:07:10]} 10. a3 {[%clk 1:15:00]} O-O
{[%clk 1:05:14]} 11. Nbd2 {[%clk 1:11:28]} Re8 {[%clk 1:01:58]} 12. Ng5
{[%clk 1:07:50]} Bf5 {[%clk 0:51:51]} 13. Nge4 {[%clk 1:07:03]} Nxe4
{[%clk 0:44:42]} 14. Nxe4 {[%clk 1:06:48]} Qd7 {[%clk 0:43:03]} 15. Re1
{[%clk 1:04:31]} Bh3 {[%clk 0:38:05]} 16. Bh1 {[%clk 0:59:23]} Rac8
{[%clk 0:32:20]} 17. f4 {[%clk 0:51:07]} Bg4 {[%clk 0:29:12]} 18. Qc2
{[%clk 0:50:03]} Bh5 {[%clk 0:21:56]} 19. Bd2 {[%clk 0:49:32]} h6
{[%clk 0:20:34]} 20. Rab1 {[%clk 0:49:08]} f5 {[%clk 0:18:54]} 21. Nf2
{[%clk 0:48:24]} Bd6 {[%clk 0:18:16]} 22. b4 {[%clk 0:47:26]} b6 {[%clk 0:17:40]}
23. Bd5+ {[%clk 0:45:43]} Bf7 {[%clk 0:17:17]} 24. Bf3 {[%clk 0:45:09]} Rxe1+
{[%clk 0:17:10]} 25. Bxe1 {[%clk 0:45:08]} Re8 {[%clk 0:16:32]} 26. b5
{[%clk 0:45:10]} Nb8 {[%clk 0:14:58]} 27. Bd2 {[%clk 0:45:20]} Bc7
{[%clk 0:14:42]} 28. Kg2 {[%clk 0:45:02]} Re7 {[%clk 0:11:33]} 29. a4
{[%clk 0:44:52]} Qe8 {[%clk 0:10:43]} 30. Qd1 {[%clk 0:44:03]} Kh8
{[%clk 0:10:46]} 31. Ra1 {[%clk 0:43:51]} a5 {[%clk 0:09:36]} 32. bxa6
{[%clk 0:42:02]} Nxa6 {[%clk 0:09:58]} 33. Rb1 {[%clk 0:41:24]} Kh7
{[%clk 0:08:29]} 34. Rb5 {[%clk 0:36:16]} Be6 {[%clk 0:08:06]} 35. a5
{[%clk 0:33:14]} bxa5 {[%clk 0:06:20]} 36. Bb7 {[%clk 0:26:54]} Bc8
{[%clk 0:04:09]} 37. Bxc8 {[%clk 0:25:27]} Qxc8 {[%clk 0:04:34]} 38. Bxa5
{[%clk 0:25:34]} Bxa5 {[%clk 0:04:08]} 39. Rxa5 {[%clk 0:25:58]} Qc6+
{[%clk 0:04:13]} 40. Qf3 {[%clk 0:26:16]} Qxf3+ {[%clk 0:04:40]} 41. Kxf3
{[%clk 0:26:39]} Re6 {[%clk 0:05:03]} 42. h3 {[%clk 0:26:48]} g6 {[%clk 0:03:41]}
43. g4 {[%clk 0:26:45]} Kg7 {[%clk 0:03:49]} 44. Rb5 {[%clk 0:24:33]} Rc6
{[%clk 0:04:00]} 45. h4 {[%clk 0:24:08]} Kf7 {[%clk 0:04:00]} 46. Rb7+
{[%clk 0:22:19]} Rc7 {[%clk 0:03:06]} 47. Rb6 {[%clk 0:22:45]} fxg4+
{[%clk 0:02:23]} 48. Nxg4 {[%clk 0:22:59]} Nb4 {[%clk 0:02:37]} 49. Ne5+
{[%clk 0:23:16]} Ke8 {[%clk 0:01:12]} 50. Rxg6 {[%clk 0:23:36]} Rh7
{[%clk 0:01:04]} 51. Ke4 {[%clk 0:23:43]} h5 {[%clk 0:01:04]} 52. f5
{[%clk 0:23:59]} Na2 {[%clk 0:00:50]} 53. f6 {[%clk 0:24:11]} Nc1
{[%clk 0:01:03]} 54. f7+ {[%clk 0:23:51]} Rxf7 {[%clk 0:01:17]} 55. Nxf7
{[%clk 0:24:16]} Kxf7 {[%clk 0:01:44]} 56. Rg5 {[%clk 0:24:30]} Ne2
{[%clk 0:01:57]} 57. Rxc5 {[%clk 0:24:57]} Kg6 {[%clk 0:02:03]} 58. Rg5+
{[%clk 0:25:10]} Kh6 {[%clk 0:02:25]} 59. c5 Nc3+ {[%clk 0:01:51]} 60. Kxd4
{[%clk 0:25:58]} Nb5+ {[%clk 0:02:09]} 61. Ke5 {[%clk 0:26:03]} Nc7
{[%clk 0:02:25]} 62. Kd6 {[%clk 0:26:03]} Ne8+ {[%clk 0:02:49]} 63. Kd7
{[%clk 0:26:09]} Nf6+ {[%clk 0:03:13]} 64. Ke7 {[%clk 0:26:25]} Nh7
{[%clk 0:03:30]} 65. c6 {[%clk 0:26:19]} Nxg5 {[%clk 0:03:54]} 66. hxg5+
{[%clk 0:26:46]} Kxg5 {[%clk 0:04:17]} 67. c7 {[%clk 0:27:12]} h4
{[%clk 0:04:43]} 68. c8=Q {[%clk 0:27:34]} h3 {[%clk 0:05:07]} 69. Qxh3
{[%clk 0:27:56]} Kf4 {[%clk 0:05:34]} 70. Ke6 {[%clk 0:28:16]} Kg5
{[%clk 0:05:56]} 71. Qg3+ {[%clk 0:28:43]} Kh5 {[%clk 0:06:17]} 72. Kf6
{[%clk 0:29:08]} Kh6 {[%clk 0:06:39]} 73. Qh2# 1-0

[Event "FIDE World Youth U16 Chess Olympiad SLOVAKIA 2016"]
[Site "Poprad Tatry SLOVAKIA"]
[Date "2016.07.25"]
[Round "5"]
[Board "3"]
[White "Du Plessis, Anika"]
[Black "Birkisson, Bjorn Holm"]
[Result "0-1"]
[WhiteElo "1248"]
[BlackElo "1977"]
[PlyCount "0"]
[EventDate "2016.07.22"]
[EventType "team"]
[EventRounds "9"]
[EventCountry "SVK"]
[WhiteTeam "South Africa 3"]
[BlackTeam "Iceland"]

1. d4 {[%clk 1:30:58]} Nf6 {[%clk 1:30:54]} 2. Nf3 {[%clk 1:31:21]} e6
{[%clk 1:31:07]} 3. c4 {[%clk 1:31:39]} Bb4+ {[%clk 1:31:28]} 4. Bd2
{[%clk 1:31:57]} a5 {[%clk 1:31:52]} 5. a3 {[%clk 1:31:42]} Bxd2+
{[%clk 1:30:38]} 6. Nbxd2 {[%clk 1:32:03]} d5 {[%clk 1:26:22]} 7. e3
{[%clk 1:28:19]} O-O {[%clk 1:18:28]} 8. Bd3 {[%clk 1:26:01]} Nbd7
{[%clk 1:17:42]} 9. c5 {[%clk 1:21:47]} Qe7 {[%clk 1:09:47]} 10. O-O
{[%clk 1:16:15]} c6 {[%clk 1:08:38]} 11. b4 {[%clk 1:14:31]} e5 {[%clk 1:07:43]}
12. e4 {[%clk 1:09:41]} dxe4 {[%clk 0:53:48]} 13. Nxe4 {[%clk 1:08:19]} Nxe4
{[%clk 0:51:51]} 14. Bxe4 {[%clk 1:08:13]} f5 {[%clk 0:52:09]} 15. Bc2
{[%clk 1:05:28]} e4 {[%clk 0:52:11]} 16. Bb3+ {[%clk 1:01:20]} Kh8
{[%clk 0:52:28]} 17. Nd2 {[%clk 1:01:15]} e3 {[%clk 0:36:42]} 18. Qe2
{[%clk 0:57:57]} axb4 {[%clk 0:30:26]} 19. axb4 {[%clk 0:48:40]} Rxa1
{[%clk 0:30:36]} 20. Rxa1 {[%clk 0:49:04]} exf2+ {[%clk 0:23:47]} 21. Qxf2
{[%clk 0:46:45]} Nf6 {[%clk 0:23:24]} 22. Re1 {[%clk 0:42:41]} Qd8
{[%clk 0:23:52]} 23. Nc4 {[%clk 0:40:29]} Ne4 {[%clk 0:22:37]} 24. Qe3
{[%clk 0:37:10]} Be6 {[%clk 0:22:12]} 25. Rd1 {[%clk 0:25:00]} Bd5
{[%clk 0:20:20]} 26. Ne5 {[%clk 0:18:47]} f4 {[%clk 0:16:06]} 27. Qh3
{[%clk 0:19:01]} Ng5 {[%clk 0:15:22]} 28. Qd7 {[%clk 0:13:28]} Bxb3
{[%clk 0:14:19]} 29. Qxd8 {[%clk 0:10:51]} Rxd8 {[%clk 0:14:43]} 30. Rd3
{[%clk 0:11:02]} Bd5 {[%clk 0:14:39]} 31. h4 {[%clk 0:09:52]} Nf7
{[%clk 0:14:43]} 32. Ng4 {[%clk 0:09:27]} h5 {[%clk 0:13:19]} 33. Nf2
{[%clk 0:09:36]} Re8 {[%clk 0:13:43]} 34. Nh3 {[%clk 0:08:20]} Nh6
{[%clk 0:11:41]} 35. Nxf4 {[%clk 0:06:42]} Ng4 {[%clk 0:12:09]} 36. Rd1
{[%clk 0:06:47]} Bb3 {[%clk 0:12:20]} 37. Ra1 {[%clk 0:06:43]} Kh7
{[%clk 0:10:40]} 38. g3 {[%clk 0:06:07]} Re3 {[%clk 0:10:02]} 39. Kg2
{[%clk 0:06:07]} Rc3 {[%clk 0:08:26]} 40. Nxh5 {[%clk 0:05:59]} Bd5+
{[%clk 0:08:11]} 41. Kf1 {[%clk 0:05:31]} Kh6 {[%clk 0:06:50]} 42. Nf4
{[%clk 0:05:33]} Be4 {[%clk 0:03:30]} 43. Ne2 {[%clk 0:05:19]} Bd3
{[%clk 0:02:56]} 44. Ke1 {[%clk 0:05:25]} Bxe2 {[%clk 0:03:07]} 45. Kxe2
{[%clk 0:05:49]} Rb3 {[%clk 0:03:29]} 46. Ra4 {[%clk 0:05:54]} Nf6
{[%clk 0:03:54]} 47. Kf1 {[%clk 0:05:40]} Nd5 {[%clk 0:04:17]} 48. g4
{[%clk 0:05:58]} Rxb4 {[%clk 0:04:38]} 49. Ra8 {[%clk 0:06:13]} Rxd4
{[%clk 0:04:49]} 50. Rh8+ {[%clk 0:05:47]} Kg6 {[%clk 0:05:10]} 51. h5+
{[%clk 0:06:00]} Kf6 {[%clk 0:04:18]} 52. Rf8+ {[%clk 0:06:25]} Ke6
{[%clk 0:04:21]} 53. g5 {[%clk 0:06:03]} Rf4+ {[%clk 0:04:44]} 54. Rxf4
{[%clk 0:06:25]} Nxf4 {[%clk 0:05:10]} 55. h6 {[%clk 0:06:51]} gxh6
{[%clk 0:05:35]} 56. gxh6 {[%clk 0:07:17]} Kf6 {[%clk 0:06:00]} 57. Kf2
{[%clk 0:07:39]} Nd3+ {[%clk 0:06:24]} 58. Ke3 {[%clk 0:08:00]} Nxc5
{[%clk 0:06:20]} 59. Kd4 {[%clk 0:08:05]} Ne6+ {[%clk 0:06:39]} 60. Kc4
{[%clk 0:08:23]} Kg6 {[%clk 0:07:02]} 0-1

[Event "FIDE World Youth U16 Chess Olympiad SLOVAKIA 2016"]
[Site "Poprad Tatry SLOVAKIA"]
[Date "2016.07.25"]
[Round "5"]
[Board "4"]
[White "Heimisson, Hilmir Freyr"]
[Black "Van Heerden, Lara"]
[Result "1-0"]
[WhiteElo "1974"]
[BlackElo "1259"]
[PlyCount "0"]
[EventDate "2016.07.22"]
[EventType "team"]
[EventRounds "9"]
[EventCountry "SVK"]
[WhiteTeam "Iceland"]
[BlackTeam "South Africa 3"]

1. d4 {[%clk 1:30:58]} d5 {[%clk 1:30:49]} 2. c4 {[%clk 1:31:23]} e6
{[%clk 1:31:04]} 3. Nc3 {[%clk 1:31:48]} Be7 {[%clk 1:30:53]} 4. cxd5
{[%clk 1:32:01]} exd5 {[%clk 1:31:07]} 5. Nf3 {[%clk 1:32:21]} Nf6
{[%clk 1:31:01]} 6. Bg5 {[%clk 1:32:41]} Nc6 {[%clk 1:30:41]} 7. e3
{[%clk 1:32:31]} a6 {[%clk 1:30:43]} 8. Bd3 {[%clk 1:32:08]} b6 {[%clk 1:22:40]}
9. O-O {[%clk 1:30:22]} Bb7 {[%clk 1:20:29]} 10. Qe2 {[%clk 1:27:31]} O-O
{[%clk 1:20:13]} 11. Rad1 {[%clk 1:27:45]} Re8 {[%clk 1:20:18]} 12. Rfe1
{[%clk 1:27:08]} h6 {[%clk 1:14:27]} 13. Bh4 {[%clk 1:26:48]} Qd7
{[%clk 1:02:50]} 14. a3 {[%clk 1:23:22]} Nh7 {[%clk 0:54:09]} 15. Bg3
{[%clk 1:12:34]} Bf6 {[%clk 0:51:12]} 16. Qc2 {[%clk 1:11:18]} Nf8
{[%clk 0:47:53]} 17. b4 {[%clk 1:05:04]} Na7 {[%clk 0:43:15]} 18. Ne2
{[%clk 1:02:39]} c6 {[%clk 0:41:51]} 19. Nf4 {[%clk 1:01:23]} Rad8
{[%clk 0:38:55]} 20. Nh5 {[%clk 0:56:57]} Qe7 {[%clk 0:37:05]} 21. Nxf6+
{[%clk 0:56:15]} Qxf6 {[%clk 0:36:43]} 22. Bc7 {[%clk 0:56:27]} Ra8
{[%clk 0:32:29]} 23. Bxb6 {[%clk 0:56:16]} Nd7 {[%clk 0:32:19]} 24. Bc5
{[%clk 0:55:39]} Nc8 {[%clk 0:29:21]} 25. Nd2 {[%clk 0:53:59]} Nd6
{[%clk 0:28:04]} 26. Nb3 {[%clk 0:52:05]} Rec8 {[%clk 0:24:36]} 27. Na5
{[%clk 0:51:25]} Rc7 {[%clk 0:24:32]} 28. a4 {[%clk 0:50:31]} Kh8
{[%clk 0:21:42]} 29. f3 {[%clk 0:50:19]} Bc8 {[%clk 0:19:08]} 30. Qc3
{[%clk 0:48:13]} Nxc5 {[%clk 0:17:33]} 31. bxc5 {[%clk 0:48:30]} Nf5
{[%clk 0:17:21]} 32. Rb1 {[%clk 0:39:04]} Nh4 {[%clk 0:16:17]} 33. Bf1
{[%clk 0:38:25]} Qg5 {[%clk 0:15:32]} 34. e4 {[%clk 0:37:43]} Bh3
{[%clk 0:10:34]} 35. f4 {[%clk 0:35:39]} Qg4 {[%clk 0:10:05]} 36. Qxh3
{[%clk 0:24:05]} Qxh3 {[%clk 0:09:28]} 37. gxh3 {[%clk 0:24:30]} Nf3+
{[%clk 0:09:39]} 38. Kf2 {[%clk 0:24:54]} Nxe1 {[%clk 0:09:56]} 39. Kxe1
{[%clk 0:25:22]} dxe4 {[%clk 0:10:02]} 40. Kf2 {[%clk 0:25:13]} Kh7
{[%clk 0:09:50]} 41. h4 {[%clk 0:25:13]} Kg6 {[%clk 0:10:01]} 42. Rb6
{[%clk 0:25:03]} Kh5 {[%clk 0:09:50]} 43. Kg3 {[%clk 0:25:19]} g5
{[%clk 0:09:38]} 44. f5 {[%clk 0:24:16]} gxh4+ {[%clk 0:09:28]} 45. Kf4
{[%clk 0:24:41]} Re8 {[%clk 0:09:16]} 46. Be2# {[%clk 0:24:20]} 1-0

[Event "FIDE World Youth U16 Chess Olympiad SLOVAKIA 2016"]
[Site "Poprad Tatry SLOVAKIA"]
[Date "2016.07.25"]
[Round "5"]
[Board "1"]
[White "Durica, Adam"]
[Black "Gray, Euan"]
[Result "1-0"]
[WhiteElo "1944"]
[BlackElo "1943"]
[PlyCount "0"]
[EventDate "2016.07.22"]
[EventType "team"]
[EventRounds "9"]
[EventCountry "SVK"]
[WhiteTeam "Slovakia LSS A"]
[BlackTeam "Scotland"]

1. d4 {[%clk 1:30:58]} f5 {[%clk 1:29:48]} 2. Nc3 {[%clk 1:30:39]} Nf6
{[%clk 1:29:29]} 3. Bg5 {[%clk 1:30:12]} d5 {[%clk 1:29:50]} 4. Nf3
{[%clk 1:29:53]} e6 {[%clk 1:29:27]} 5. e3 {[%clk 1:29:28]} Bd6 {[%clk 1:29:31]}
6. Bd3 {[%clk 1:29:14]} O-O {[%clk 1:28:18]} 7. O-O {[%clk 1:29:29]} b6
{[%clk 1:24:06]} 8. Nb5 {[%clk 1:26:55]} Be7 {[%clk 1:12:41]} 9. c4
{[%clk 1:24:53]} c6 {[%clk 1:11:43]} 10. Nc3 {[%clk 1:24:56]} Nbd7
{[%clk 1:08:36]} 11. Qa4 {[%clk 1:19:51]} Bb7 {[%clk 1:04:42]} 12. b4
{[%clk 1:17:25]} Ne4 {[%clk 0:57:14]} 13. Bxe7 {[%clk 1:15:14]} Qxe7
{[%clk 0:57:25]} 14. Qb3 {[%clk 1:11:40]} Ndf6 {[%clk 0:53:11]} 15. a4
{[%clk 0:55:57]} Rac8 {[%clk 0:46:21]} 16. Rab1 {[%clk 0:52:12]} g5
{[%clk 0:44:02]} 17. Bxe4 {[%clk 0:51:28]} Nxe4 {[%clk 0:43:17]} 18. Nxe4
{[%clk 0:51:49]} fxe4 {[%clk 0:43:30]} 19. Ne5 {[%clk 0:52:06]} Qg7
{[%clk 0:42:20]} 20. c5 {[%clk 0:48:55]} h5 {[%clk 0:34:14]} 21. f3
{[%clk 0:46:33]} exf3 {[%clk 0:30:01]} 22. Rxf3 {[%clk 0:45:49]} Rxf3
{[%clk 0:30:23]} 23. Nxf3 {[%clk 0:46:12]} bxc5 {[%clk 0:28:36]} 24. bxc5
{[%clk 0:46:33]} Ba6 {[%clk 0:29:02]} 25. Ne5 {[%clk 0:46:15]} g4
{[%clk 0:29:11]} 26. Qc2 {[%clk 0:44:53]} Rc7 {[%clk 0:25:09]} 27. Qf2
{[%clk 0:41:55]} Rc8 {[%clk 0:24:44]} 28. Qh4 {[%clk 0:41:29]} Qh7
{[%clk 0:24:42]} 29. Qg5+ {[%clk 0:41:41]} Kf8 {[%clk 0:23:53]} 30. Qf6+
{[%clk 0:41:12]} 1-0